000 00892cab a2200289 4500
001 ABS49258
008 090401t1993 xxu||||| |||| 00| 0 eng d
035 _a(Sirsi) u70566
041 _aeng
100 _aBrumwell, M.
245 _aFlood defences : the implications for landowners and developers
260 _c1993
350 _a0
490 _aEstates Gazette
_v(9332) 14 August 1993, 66-68(3)
520 _aExamines the effects on landowners and developers of changes in the emphasis in Government thinking on flood defences.
650 _aDOE CIRCULAR 30/1992
650 _aFLOOD DEFENCES
650 _aLAND DRAINAGE ACT 1991
650 _aNATIONAL RIVERS AUTHORITY
650 _aPLANNING POLICY GUIDANCE NOTE 20
650 _aPPG20
650 _aWATER ACT 1989
650 _aWATER RESOURCES ACT 1991 S105
690 _aWATER
942 _n0
948 _c04/03/1997
999 _c44395
_d44395